Inside the kingdom : (Record no. 3251)

MARC details
000 -LEADER
fixed length control field 02445cam a22003734a 4500
001 - CONTROL NUMBER
control field 3251
003 - CONTROL NUMBER IDENTIFIER
control field FISKH
005 - DATE AND TIME OF LATEST TRANSACTION
control field 20240222091518.0
008 - FIXED-LENGTH DATA ELEMENTS--GENERAL INFORMATION
fixed length control field 050624s2005 nyua 000 0aeng
010 ## - LIBRARY OF CONGRESS CONTROL NUMBER
LC control number 2005278832
020 ## - INTERNATIONAL STANDARD BOOK NUMBER
International Standard Book Number 0446694886
040 ## - CATALOGING SOURCE
Original cataloging agency DLC
Transcribing agency DLC
Modifying agency DLC
Language of cataloging eng
041 1# - LANGUAGE CODE
Language code of text/sound track or separate title eng
Language code of original fre
042 ## - AUTHENTICATION CODE
Authentication code pcc
043 ## - GEOGRAPHIC AREA CODE
Geographic area code a-su---
050 00 - LIBRARY OF CONGRESS CALL NUMBER
Classification number HQ1730.Z75
Item number B5613 2005
082 00 - DEWEY DECIMAL CLASSIFICATION NUMBER
Classification number 305.42/092
-- B
Edition number 22
100 1# - MAIN ENTRY--PERSONAL NAME
Personal name Bin Ladin, Carmen.
240 10 - UNIFORM TITLE
Uniform title Voile déchiré.
Language of a work English
245 10 - TITLE STATEMENT
Title Inside the kingdom :
Remainder of title my life in Saudi Arabia /
Statement of responsibility, etc. Carmen Bin Ladin ; [written in collaboration with Ruth Marshall].
246 30 - VARYING FORM OF TITLE
Title proper/short title My life in Saudi Arabia
250 ## - EDITION STATEMENT
Edition statement 1st U.S. trade ed.
260 ## - PUBLICATION, DISTRIBUTION, ETC.
Place of publication, distribution, etc. New York :
Name of publisher, distributor, etc. Warner Books,
Date of publication, distribution, etc. 2005.
300 ## - PHYSICAL DESCRIPTION
Extent x, 214 pages :
Other physical details illustrations
Dimensions 23 cm
505 0# - FORMATTED CONTENTS NOTE
Formatted contents note 9/11 -- A secret garden -- Falling in love -- My Saudi wedding -- America -- Life with the Bin Ladens -- The patriarch -- Life as an alien -- Two mothers, two babies -- My own chief inmate -- The brothers -- 1979 -- Yeslam -- Little girls -- A Saudi couple -- Sisters in Islam -- Princes and princesses -- Leaving Saudi Arabia -- Conclusion.
520 ## - SUMMARY, ETC.
Summary, etc. Osama bin Laden's former sister-in-law provides a penetrating, unusually intimate look into Saudi society and the bin Laden family's role within it, as well as the treatment of Saudi women. On September 11th, 2001, Carmen bin Ladin heard the news that the Twin Towers had been struck. She instinctively knew that her ex-brother-in-law was involved in these horrifying acts of terrorism, and her heart went out to America. She also knew that her life and the lives of her family would never be the same again. Carmen bin Ladin, half Swiss and half Persian, married into and later divorced from the bin Laden family and found herself inside a complex and vast clan, part of a society that she neither knew nor understood. Her story takes us inside the bin Laden family and one of the most powerful, secretive, and repressed kingdoms in the world.
600 10 - SUBJECT ADDED ENTRY--PERSONAL NAME
Personal name Bin Ladin, Carmen.
650 #0 - SUBJECT ADDED ENTRY--TOPICAL TERM
Topical term or geographic name entry element Women
Geographic subdivision Saudi Arabia
Form subdivision Biography.
700 1# - ADDED ENTRY--PERSONAL NAME
Personal name Marshall, Ruth,
Dates associated with a name 1961-
856 42 - ELECTRONIC LOCATION AND ACCESS
Materials specified Publisher description
Uniform Resource Identifier <a href="http://www.loc.gov/catdir/enhancements/fy0914/2005278832-d.html">http://www.loc.gov/catdir/enhancements/fy0914/2005278832-d.html</a>
906 ## - LOCAL DATA ELEMENT F, LDF (RLIN)
a 7
b cbc
c origcop
d 2
e ncip
f 20
g y-gencatlg
942 ## - ADDED ENTRY ELEMENTS (KOHA)
Source of classification or shelving scheme Dewey Decimal Classification
Koha item type Books
Suppress in OPAC No
Holdings
Withdrawn status Lost status Source of classification or shelving scheme Damaged status Not for loan Collection Home library Current library Shelving location Date acquired Total Checkouts Full call number Barcode Date last seen Copy number Price effective from Koha item type
    Dewey Decimal Classification     Non-Fiction Footprints International School Library Network Toul Kork Campus Footprints International School Library Network Toul Kork Campus   02/22/2024   BIN 305.42092 HQ1730.Z75 2024-0093 02/22/2024 1 02/22/2024 Books